000 00998cam a22002295a 4500
001 E150410
008 100709s2009 xxk f 000 0 eng d
020 _a9780956449702
035 _a(Sirsi) u150410
041 0 _aeng
050 0 4 _a346.4104342 $2 18
100 1 _aEccles, Timothy
_cDr
245 0 0 _aService charges within the UK office market
_bevidence on accounting practice, compliance and disclosure
260 _aBrentford
_bAntim Research
_c2009
300 _a59p.
_c30cm.
520 _aLooks at the causes of disputes over service charges, and assesses whether the introduction of the RICS Code of Practice on Service Charges has led to changes. Goes on to examine whether the RICS Service Code has been adequately adopted, and discusses the need for statutory legislation to enforce best practice.
590 _aKA
651 4 _aEngland and Wales
_y1543-
690 _aPROPERTY-LEASEHOLD PROPERTY-LANDLORD AND TENANT-SERVICE CHARGES
700 1 _aHolt, Andrew
_cDr
942 _n0
999 _c110858
_d110858